Band Members by Instrument - Pop Rock / Soft Rock Edition - Statistics

General Stats
  • This quiz has been taken 146 times
    142 since last reset
  • The average score is 11 of 46
Answer Stats
Band Instrument or Role Answer % Correct
Fleetwood Mac (1975-1987) Vocals Stevie Nicks
85%
Coldplay (1996-present) Vocals, Keyboards Chris Martin
83%
Fleetwood Mac (1975-1987) Drums Mick Fleetwood
83%
Maroon Five (2001-2012) Vocals, Rhythm Guitar Adam Levine
73%
Fleetwood Mac (1975-1987) Vocals, Guitar Lindsey Buckingham
67%
Fleetwood Mac (1975-1987) Vocals, Keyboards Christine McVie
66%
Fleetwood Mac (1975-1987) Bass John McVie
66%
Duran Duran (1980-1985) Vocals Simon Le Bon
61%
Duran Duran (1980-1985) Drums Roger Taylor
47%
Duran Duran (1980-1985) Bass John Taylor
46%
Duran Duran (1980-1985) Guitar Andy Taylor
45%
Chicago (1981-1985) Vocals, Bass Peter Cetera
40%
Steely Dan (1974-1981) Vocals, Keyboards Donald Fagen
33%
The Cars (1976-1988) Vocals, Rhythm Guitar Ric Ocasek
30%
Steely Dan (1974-1981) Bass, Guitar Walter Becker
28%
The Cars (1976-1988) Vocals, Bass Benjamin Orr
24%
Duran Duran (1980-1985) Keyboards Nick Rhodes
22%
The Guess Who (1966-1970) Guitar Randy Bachman
21%
Coldplay (1996-present) Drums Will Champion
18%
Coldplay (1996-present) Guitar Jonny Buckland
16%
The Guess Who (1966-1970) Vocals, Keyboards Burton Cummings
14%
Coldplay (1996-present) Bass Guy Berryman
14%
Maroon Five (2001-2012) Lead Guitar James Valentine
11%
Chicago (1981-1985) Keyboards, Vocals Robert Lamm
9%
The Cars (1976-1988) Lead Guitar Elliot Easton
8%
The Cars (1976-1988) Keyboards Greg Hawkes
7%
Maroon Five (2001-2012) Keyboards Jesse Carmichael
7%
Maroon Five (2001-2012) Bass Mickey Madden
7%
The Cars (1976-1988) Drums David Robinson
6%
Maroon Five (2001-2012) Drums Ryan Dusick / Matt Flynn
5%
Chicago (1981-1985) Drums Danny Seraphine
4%
Chicago (1981-1985) Trombone James Pankow
4%
Chicago (1981-1985) Trumpet Lee Loughnane
4%
Three Dog Night (1968-1973) Vocals Chuck Negron
3%
Three Dog Night (1968-1973) Vocals Danny Hutton
3%
Chicago (1981-1985) Woodwinds Walter Parazaider
3%
Chicago (1981-1985) Vocals, Guitar, Keyboards Bill Champlin
2%
Three Dog Night (1968-1973) Vocals Cory Wells
2%
Coldplay (1996-present) Manager, Creative Director (and official member) Phil Harvey
2%
The Guess Who (1966-1970) Drums Garry Peterson
1%
The Guess Who (1966-1970) Bass Jim Kale
1%
Chicago (1981-1985) Guitar Chris Pinnick
0%
Three Dog Night (1968-1973) Drums Floyd Sneed
0%
Three Dog Night (1968-1973) Keyboards Jimmy Greenspoon
0%
Three Dog Night (1968-1973) Bass Joe Schermie
0%
Three Dog Night (1968-1973) Guitar Michael Allsup
0%
No matching quizzes found
Score Distribution
Percent of People with Each Score
Percentile by Number Answered
Your Score History
You have not taken this quiz since the last reset